00634nam a2200205Ia 4500003000400000008004100004020002300045040000800068100001800076245005000094260002800144300001300172365001100185901002100196902003400217903005800251942001200309952009000321999001700411LDD181029s9999 xx 000 0 und d a8180300161c300.00 cLDD aDhawan, D. K. 0aProblems in solid state physicscD. K. Dhawan aNew DelhibCampusc2006 av, 163p. b300.00 a3395b11-10-2005 a48904b26-12-2006cFdHBAe53 aDiscount-10bReqst by : Jha, Sudip Ranjan (Dr.)  2ddccBK 00102ddc4070976995aLDDbLDDl0o530.41 D535Pp060324r2018-11-01w2018-11-01yBK c76996d76996